Raw rasoi everyday juices : a step-by-step family guide to create simple, delicious and well-combined juices, all year round / (Record no. 27434)

000 -LEADER
fixed length control field 00591nam a2200181 4500
008 - FIXED-LENGTH DATA ELEMENTS--GENERAL INFORMATION
fixed length control field 240719b ||||| |||| 00| 0 eng d
020 ## - INTERNATIONAL STANDARD BOOK NUMBER
International Standard Book Number 9781947027336
Terms of availability Rs899.00
041 0# - LANGUAGE CODE
Language code of text/sound track or separate title eng
082 00 - DEWEY DECIMAL CLASSIFICATION NUMBER
Classification number 641.875
Item number K217
100 ## - MAIN ENTRY--PERSONAL NAME
9 (RLIN) 5673
Personal name Kaur, Rupinder
245 10 - TITLE STATEMENT
Title Raw rasoi everyday juices : a step-by-step family guide to create simple, delicious and well-combined juices, all year round /
260 ## - PUBLICATION, DISTRIBUTION, ETC. (IMPRINT)
Place of publication, distribution, etc Chennai :
Name of publisher, distributor, etc Notion Press,
Date of publication, distribution, etc 2017.
300 ## - PHYSICAL DESCRIPTION
Extent xxi, 93 p. :
Other physical details ill. ;
Dimensions 24 cm
365 ## - TRADE PRICE
Price type code INR
Price amount 899.00
650 #0 - SUBJECT ADDED ENTRY--TOPICAL TERM
Topical term or geographic name as entry element Juices
Topical term or geographic name as entry element Home economics
942 ## - ADDED ENTRY ELEMENTS (KOHA)
Source of classification or shelving scheme
Item type Books
Holdings
Withdrawn status Lost status Source of classification or shelving scheme Damaged status Not for loan Permanent location Current location Date acquired Source of acquisition Full call number Barcode Date last seen Koha item type
          IMU Kolkata IMU Kolkata 2024-06-25 Donated by Rear Admiral (Dr.) P J Rangachari (Retd.), Director IMU-KC 641.875 K217 G01308 2024-07-19 Books
Designed and Maintained by IMU-KC Library, Kolkata Campus © Copyright All Rights Reserved

webs counters

Powered by Koha